Artificial Social Systems

Bibliographic Details
Main Authors: Moses, Yoram (Author), Tennenholtz, Moshe (Author)
Format: Article
Language:Slovak
English
PhysicalDescription:Fotogr. 2, lit. 40 zázn. v angl.
ISSN:0232-0274
Subjects:

MARC

LEADER 00000nab a2200000 a 4500
001 vtls000581652
003 SK-MaSNL
005 20260304092401.0
008 250425c1995 xo 0 slo
015 |a SNBRB19rr/mm-uuuuu 
035 |a CL0581790 
035 |a urn:nbn:sk:snk-ab1pyz 
035 |a (urnnbn)urn:nbn:sk:snk:ar-004xor 
035 |a (uuid)7b58458a-ebf8-4fb2-b9f3-7ec39e118695 
040 |a SNKBUCL  |b slo  |c SNKBUCL  |e AACR2 
041 0 |a eng 
044 |a xo  |c SK 
080 |a 519.7:301.15  |2 1981 
100 1 |a Moses, Yoram  |4 aut  |9 1386113 
245 1 0 |a Artificial Social Systems  |c Yoram Moses, Moshe Tennenholtz0 
300 |b Fotogr. 2, lit. 40 zázn. v angl. 
650 0 7 |a automaty sociálne  |2 snkbucl  |9 1386114 
650 0 7 |a systémy sociálne umelé  |2 snkbucl  |9 1379977 
655 7 |a články z novín a časopisov  |2 snkbucl  |9 267496 
700 1 |a Tennenholtz, Moshe  |4 aut  |9 1375272 
773 0 |t Computers and artificial intelligence  |g Roč. 14, č. 6 (1995), s. 533-562  |x 0232-0274 
850 |a Slovenská národná knižnica 
852 |a Slovenská národná knižnica 
958 |a article27 
958 |a NB 
958 |a RK 
958 |a IL 
958 |a OND 
958 |a EUIPO 
992 |a RBX 
999 |c 2818924  |d 2820854